00395nam a2200145Ia 450000500170000000800460001703700120006304000210007504100130009608400270010910000190013624500330015526000470018830000140023520250508153028.0008 250505s9999 xx 000 0 eng d aTextual aFEDL bengcFEDL aeng2eng a379.110 954, MISqFEDL aMisra Atmanand 0aEducational finance in India aBombay, IndiabAsia Publishing Housec1962 axvii,616p